El gatopardo / (Registro nro. 8707)

Detalles MARC
000 -LIDER
fixed length control field 01087nam a2200349 b 4500
001 - NÚMERO DE CONTROL
Identificador de número de control 11717
003 - IDENTIFICACDOR DE NÚMERO DE CONTROL
control field DO-SdBNP
005 - DATE AND TIME OF LATEST TRANSACTION
control field 20171116122121.0
007 - CAMPOS FIJOS DE DESCRIPCIÓN FÍSICA
fixed length control field 11717
008 - ELEMENTOS DE LONGITUD FIJA
fixed length control field 991220s1999 sp | ||| ||spa
016 7# - NO. DE CONTROL DE LA AGENCIA BIB. NACIONAL
Source BPMSU
020 ## - ISBN
International Standard Book Number 8481301701
040 ## - FUENTE DE CATALOGACIÓN
Agencia que crea de manera original el registro BPMSU
Idioma de catalogación spa
Agencia que realiza la transcripción BPMSU
041 1# - CÓDIGOS DE OBRAS TRADUCIDAS O EN VARIOS IDIOMAS
Código del idioma del texto/archivo de sonido o separata spa
082 ## - NÚMERO DE CLASIFICACIÓN DECIMAL DE DEWEY
Edition number
Classification number 853
Item number T665g
092 ## - LOCALLY ASSIGNED DEWEY DECIMAL CALL NUMBER
Número de clasificación
100 1# - ASIENTO PRINCIPAL -- NOMBRE PERSONAL
Nombre personal Tomasi Di Lampedusa, Giuseppe
Fechas asociadas con el nombre 1896-1957
240 13 - TITULO UNIFORME
Título uniforme Il gattopardo.
Idioma de una obra Español
245 13 - MENCIÓN DE TITULO
Título El gatopardo /
Mención de responsabilidad G. Tomasi di Lampedusa ; traducción de Ricardo Pochtar ; prólogo de Felipe Benítez Reyes
260 ## - PUBLICACIÓN, DISTRIBUCIÓN, ETC. (PIE DE IMPRENTA)
Lugar de publicación, distribución, etc Madrid :
Nombre del editor, distribuidor, etc. Milenium
Fecha de publicación, distribución, etc 1999
300 ## - DESCRIPCIÓN FÍSICA
Extensión 199 p.:
Dimensiones 22 cm
490 ## - MENCIÓN DE SERIES
Mención de serie Millenium. Las 100 joyas del milenio ;
Volume/sequential designation 55
650 ## - ENCABEZAMIENTO DE MATERIA--TEMÁTICO
Término temático o nombre geográfico como elemento de entrada NOVELA ITALIANA
650 ## - ENCABEZAMIENTO DE MATERIA--TEMÁTICO
Término temático o nombre geográfico como elemento de entrada LITERATURA ITALIANA
700 ## - ASIENTO SECUNDARIO -- NOMBRE PERSONAL
Nombre personal Pochtar, Ricardo ,
Mención de responsabilidad tr.
700 ## - ASIENTO SECUNDARIO -- NOMBRE PERSONAL
Nombre personal Benítez Reyes, Felipe ,
Mención de responsabilidad pról.
830 ## - ASIENTO SECUNDARIO DE SERIE--TÍTULO UNIFORME
Título uniforme Millenium.Las 100 joyas del milenio
Idioma de una obra 55
942 ## - ADDED ENTRY ELEMENTS (KOHA)
Source of classification or shelving scheme Dewey Decimal Classification
Koha item type Libros
945 ## - INFORMACIÓN DE PROCESAMIENTO LOCAL
Información de procesamiento local Inventariado extranjero / 2017 VM
956 ## - LOCAL ELECTRONIC LOCATION AND ACCESS (OCLC)
Nombre de host VMATEO
Método de acceso 10
Materiales especificados 20151113
Enlace BPMSU
Campo enlazado y núm. de secuencia 00151
956 ## - LOCAL ELECTRONIC LOCATION AND ACCESS (OCLC)
Nombre de host Validado. Control de calidad MFF
Existencias
Withdrawn status Lost status Source of classification or shelving scheme Damaged status Not for loan Collection code Home library Current library Date acquired Source of acquisition Total Checkouts Full call number Barcode Date last seen Price effective from Koha item type
    Dewey Decimal Classification     Colección General Biblioteca Pública Metropolitana Salomé Ureña Biblioteca Pública Metropolitana Salomé Ureña 11/13/2015 Donado Fundación Economía y Desarrollo   853 T665g BPMSU15110263 11/13/2015 11/13/2015 Libros